1897 1687 1321 1318 1764 1066 1584 1880 1561 1076 1430 1760 1655 1961 1254 1668 1382 1809 1526 1881 1853 1167 1822 1594 1810 1844 1806 1080 1946 1937 1027 1352 1959 1113 1288 1775 1942 1576 1989 1145 1840 1038 1593 1106 1160 1740 1647 1598 1252 1091 1706 1680 1809 1410 1425 1596 1545 1912 1754 1677 1060 1102 1508 1313 1412 1300 1270 1765 1236 1877 1732 1927 1107 1415 1857 1777 1509 1624 1580 1777 1341 1110 1056 1691 1050 1955 1040 1058 1720 1009 1566 1493 1666 1091 1054 1238 1945 1007 1224 BCNSPRNW ULIB Ver.6.0+V

เปลี่ยนเป็นภาษาไทย

Change to English
 แสดงรายละเอียดบรรณานุกรม
  กลับหน้าหลัก

Brief Record : Get Marc (ISO 2709) : E-mail record : QR code < ปิดหน้าต่าง
LEADER : 00000nam 2200000uu 4500
001    13399111726
003     ULIB
008    110225s2551||||th 000 0 tha d
020    9741334923
060 04 WQ100^bธ721ส 2551
245 00 สูติศาสตร์ /^cธีระพงศ์ เจริญวิทย์ ... [และคนอื่นๆ]
250    พิมพ์ครั้งที่ 4
260    กรุงเทพฯ :^bภาควิชาสูติศาสตร์-นรีเวชวิทยาคณะแพทยศาสตร์จุฬาฯ,^c2551
300    642 หน้า :^bภาพประกอบ ;^c30 ซม.
504    บรรณานุกรม และดรรชนี
505 2  สรีรวิทยาของการตั้งครรภ์ --การดูแลในระยะก่อนคลอดในครรภ์ปกติ --การดูแลในระยะคลอดในครรภ์ปกติ -- การดูแลทารกระยะหลังคลอด --การคลอดที่ผิดปกติ -- สูติศาสตร์หัตถการ -- ภาวะแทรกซ้อนทางสูติศาสตร์ -- ภาวะแทรกซ้อนทางอายุรศาสตร์ศัลยศาสตร์ และอื่นๆ -- การให้คำปรึกษาทางพันธุศาสตร์ ; โรคพันธุกรรมที่พบบ่อย ; คลื่นเสียงความถี่สูงทางสูติศาสตร์ ; หัตถการในการวินิจฉัยทารกก่อนคลอด
650  2 Pregnancy
650  2 Labor, obstetric
650  2 Obstetrics
650  7 สูติศาสตร์
650  7 ครรภ์
700 2  จุฬาลงกรณ์มหาวิทยาลัย. ^bภาควิชาสูติศาสตร์-นรีเวชวิทยา
700 2  จุฬาลงกรณ์มหาวิทยาลัย. ^bคณะแพทยศาสตร์
945    ^p600^l0^i023737
945    ^p600^l0^i023738
995    ทศพร
999 ^a ใช้งานได้ทุกระบบ
รายการนี้ยังไม่มีแท็ก
คุณยังไม่ได้ล็อกอิน คุณสามารถมีกิจกรรมร่วมกับเว็บไซต์ได้ แต่ต้องล็อกอินก่อน ::
  ล็อกอิน

รายการสื่อสารสนเทศ

ลำดับที่ ประเภท เลขเรียก/บาร์โค้ด สถานที่ สถานะ
1. วิทยาศาสตร์การแพทย์ และสุขภาพ
วิทยาศาสตร์การแพทย์ และสุขภาพ
สถานะ=หนังสือเก่า
WQ100 ธ721ส 2551 ฉ.1 
  Barcode: 023737
ห้องสมุดวิทยาเขตสวรรค์ประชารักษ์
►ส่วนจัดเก็บหนังสือเก่า สปร
บนชั้น
  ขอยืม
2. วิทยาศาสตร์การแพทย์ และสุขภาพ
วิทยาศาสตร์การแพทย์ และสุขภาพ
WQ100 ธ721ส 2551 ฉ.2 
  Barcode: 023738
ห้องสมุดวิทยาเขตสวรรค์ประชารักษ์
►ส่วนจัดเก็บหนังสือเก่า สปร
บนชั้น
  ขอยืม

รายการใกล้เคียง
    หัวเรื่อง [Pregnancy]
    หัวเรื่อง [Labor, obstetric]
    หัวเรื่อง [Obstetrics]
    หัวเรื่อง [สูติศาสตร์]
    หัวเรื่อง [ครรภ์]

BibComment


ยังไม่เคยถูกคอมเมนท์

คอมเมนท์ทรัพยากรรายการนี้
  คอมเมนท์: สูติศาสตร์ ธีระพ..


 Copyright 2026. Bcnsprnw @Library